| 000 | 01763cab a2200229 4500 | ||
|---|---|---|---|
| 001 | ##L132457 | ||
| 008 | 060210n2006 000 0 eng u | ||
| 035 | _a(Sirsi) u132457 | ||
| 041 | 0 | _aeng | |
| 100 | 1 | _aMarshall, Alex | |
| 245 | 0 | 0 | _aWaste treatment market faces IPPC overhaul |
| 260 | _c2006 | ||
| 490 | 0 |
_aENDS Report _v(372) January 2006, 25-29(4) |
|
| 520 | _aExamines the impact of the integrated pollution prevention and control (IPPC) regime on the operation of hazardous waste treatment facilities and how it will bring major changes to the waste treatment market. IPPC builds on the requirements of the landfill directive (Directive 99/31/EC) and the Hazardous Waste Regulations (England and Wales) 2005 to improve environmental performance. The main changes it brings involve controlling emissions to air, sewer and groundwater using best available techniques. Summarises the range of hazardous waste treatment techniques. Looks at the IPPC preparedness of key players in the sector and the cost implications to smaller companies seeking compliance. Concludes that IPPC will reduce the number of treatment sites and operators and raise costs for waste producers but will make the disposal process safer and more environmentally responsible. Tables cover outstanding permit applications for hazardous waste treatment plants and pollution prevention and control permits issued for hazardous waste treatment sites. | ||
| 590 | _aIKA140206 | ||
| 650 | 2 | 4 | _aDIRECTIVE 99/31/EC |
| 650 | 2 | 4 | _aINTEGRATED POLLUTION PREVENTION AND CONTROL |
| 650 | 2 | 4 | _aHAZARDOUS WASTE (ENGLAND AND WALES) REGULATIONS 2005 |
| 650 | 2 | 4 | _aDIRECTIVE 96/61/EC |
| 690 | _aENVIRONMENTAL AND LAND CONSULTANCY-WASTE MANAGEMENT-HAZARDOUS WASTE TREATMENT | ||
| 942 | _n0 | ||
| 999 |
_c76454 _d76454 |
||